00636nam a2200229 a 4500001001300000003000900013005001700022008004100039020001000080082001500090100001400105245003200119260003700151300000900188500003500197650001200232700001400244902000800258942000700266952011600273999001700389nice12345678IN_TiNIC20260116014835.0070824s2006 dela grp 000 0 eng  ac39500a291.4bDHA aDhar, T N aOn the Path of Spirituality aDelhibMittal Publication c2006 a171p aincludes index and biblioraphy aJainism1 aDhar, T N bSRS cBK 001040708StackRoom-aHMIbHMId2007-08-24g395.00l0o291.4 DHAp021805r2007-08-24v395.00w2007-08-24yBK c17236d17236